| 000 | 00916aam a2200313 i 4500 | ||
|---|---|---|---|
| 001 | 768714001 | ||
| 003 | CO-MdFUSB | ||
| 005 | 20211216105244.0 | ||
| 007 | ta | ||
| 008 | 211216t1985 -us |||| |||| 00| 0 spa d | ||
| 020 | _a0890660611 | ||
| 040 |
_bspa. _aCO-MdFUSB _cCO-MdFUSB _dCO-MdFUSBC _erda |
||
| 041 | _aspa | ||
| 082 | 0 | 4 |
_a269.2 _223 _bG7381n |
| 100 | 1 |
_aGraham, Billy (1918-) _eautor |
|
| 245 | 1 | 0 |
_aNorma bíblica para evangelistas _c/ Billy Graham ; traducido por A. S. Contin |
| 264 | 1 |
_aMineapolis, MN., USA : _bWorld Wide Publications, _c[1985] |
|
| 264 | 4 | _c© 1985 | |
| 300 |
_a135 páginas _c; 22 cm |
||
| 336 |
_atexto _btxt _2rdacontent |
||
| 337 |
_2rdamedia _asin mediación _bn |
||
| 338 |
_2rdacarrier _avolumen _bnc |
||
| 505 | _aAfirmaciones | ||
| 563 | _aRústico | ||
| 650 | 0 |
_9362 _aEvangelización |
|
| 700 |
_95993 _aContin, S. A. _eautor |
||
| 942 | _cBK | ||
| 945 | _aJTF-925 | ||
| 999 |
_c40169 _d40169 |
||